Math Trivia - Statistics

General Stats
  • This quiz has been taken 11 times
  • The average score is 10 of 20
Answer Stats
Hint Answer % Correct
How many sides does a dodecagon have? 12
100%
What is the only even prime number? 2
100%
What number is considered bad luck in Asia? 4
91%
Which number looks the same when it's flipped upside down? 8
91%
What is the 1 billionth digit of pi? 9
82%
What is the only number that can't be written in Roman numerals? 0
73%
What is this sequence called: 1, 2, 3, 5, 8, 13, 21, 34... Fibonacci
36%
Which number is larger, googol or googolplex? Googolplex
36%
What is the longest side of a triangle? Hypotenuse
36%
What does the symbol "<" mean? Less than
36%
What do you call an angle measuring more than 90°? Obtuse
36%
Radii is the plural form of what part of a circle? Radius
36%
Which mathematician invented the Cartesian plane? Rene Des Cartes
36%
The letter "A" doesn't appear in the spelling of a number until what number? 1,000
27%
What number is next in the sequence: 3, 9, 27, 81, __ 243
27%
What kind of angle is it when 2 angles add up to 90°? Complementary
27%
What greek letter is used when calculating trigonomic functions? Theta
27%
Who is the father of mathematics? Archimedes
18%
What do you call an arrangement of numbers where the order is not important? Combination
18%
What do you call an arrangement of numbers where the order is important? Permutation
18%
No matching quizzes found
Score Distribution
Percent of People with Each Score
Percentile by Number Answered
Your Score History
You have not taken this quiz